Wastewater Engineering Treatment, Disposal And Reuse (Record no. 303983)
[ view plain ]
| 000 -LEADER | |
|---|---|
| fixed length control field | 00442nam a2200169Ia 4500 |
| 008 - FIXED-LENGTH DATA ELEMENTS--GENERAL INFORMATION | |
| fixed length control field | 230718s9999 xx 000 0 und d |
| 041 ## - LANGUAGE CODE | |
| Language code of text/sound track or separate title | eng |
| 082 ## - DEWEY DECIMAL CLASSIFICATION NUMBER | |
| Classification number | 628.2 |
| Item number | MET |
| 100 ## - MAIN ENTRY--PERSONAL NAME | |
| Personal name | Metcalf |
| 245 ## - TITLE STATEMENT | |
| Title | Wastewater Engineering Treatment, Disposal And Reuse |
| 250 ## - EDITION STATEMENT | |
| Edition statement | 3rd ed. |
| 260 ## - PUBLICATION, DISTRIBUTION, ETC. (IMPRINT) | |
| Date of publication, distribution, etc. | 1991 |
| Name of publisher, distributor, etc. | Tata McGraw Hill |
| 300 ## - PHYSICAL DESCRIPTION | |
| Extent | 1334 |
| 365 ## - TRADE PRICE | |
| Currency code | Rs. |
| Price amount | 395.00 |
| 700 ## - ADDED ENTRY--PERSONAL NAME | |
| Personal name | Metcalf & Eddy |
| 906 ## - LOCAL DATA ELEMENT F, LDF (RLIN) | |
| d | B:112723-Jul-2002 |
| c | CIVIL |
| b | 59.25 |
| Withdrawn status | Lost status | Damaged status | Not for loan | Home library | Current library | Date acquired | Vendor | Budget Code | Cost, normal purchase price | Bill number | Total Checkouts | Full call number | Barcode | Date last seen | Discount | Cost, replacement price | Bill Date | Koha item type | Original Barcode |
|---|---|---|---|---|---|---|---|---|---|---|---|---|---|---|---|---|---|---|---|
| Cummins College of Engineering for Women Pune | Cummins College of Engineering for Women Pune | 24/07/2002 | MBS | CIVIL | 335.75 | 1127 | 628.2 | CCEP-BK-15190 | 18/07/2023 | 59.25 | 395.00 | 23/07/2002 | Books | 015190 |